=LDR 00000nam 2200000 4500 =001 INLIS000000000005942 =005 20130612094126 =008 ***********************************Ind** =035 ##$$0010-061300000005942 =041 ##$$a Ind =082 ##$$a 261.097 3 =090 ##$$a 261.097 3, Mar a =100 ##$$a Marsden, George M =245 ##$$a Agama dan kebudayaan Ameriak, George M. Marsden; diterjemahkan oleh B. Dicky Soetadi =260 ##$$a 1996 $b Jakarta =300 ##$$a xiii, 419 hlm., 21 cm =650 ##$$a Kristiani =700 ##$$a Sutadi, B. Dicky =850 ##$$a NBPNMAT